<?xml version="1.0" encoding="UTF-8"?>
<collection xmlns="http://www.loc.gov/MARC21/slim">
 <record>
  <leader>00750nam a22002175a 4500</leader>
  <controlfield tag="001">EHU.bham045094</controlfield>
  <controlfield tag="003">AR-BHAM</controlfield>
  <controlfield tag="005">20180228135845.0</controlfield>
  <controlfield tag="008">130507s1963##################000#0#####d</controlfield>
  <datafield tag="082" ind1="A" ind2="8">
   <subfield code="a">862.09</subfield>
  </datafield>
  <datafield tag="245" ind1="0" ind2="0">
   <subfield code="a">Breve historia del teatro argentino, iv  :</subfield>
   <subfield code="b">la época de oro /</subfield>
   <subfield code="c">Luis Ordaz  :</subfield>
  </datafield>
  <datafield tag="260" ind1=" " ind2=" ">
   <subfield code="a">Buenos Aires :</subfield>
   <subfield code="b">Eudeba,</subfield>
   <subfield code="c">1963</subfield>
  </datafield>
  <datafield tag="300" ind1=" " ind2=" ">
   <subfield code="a">194 p.</subfield>
  </datafield>
  <datafield tag="505" ind1="0" ind2=" ">
   <subfield code="a">Las de Barranco / Gregorio de Laferrère    La gringa / Florencio Sánchez</subfield>
  </datafield>
  <datafield tag="653" ind1=" " ind2=" ">
   <subfield code="a">Teatro argentino-historia del</subfield>
  </datafield>
  <datafield tag="653" ind1=" " ind2=" ">
   <subfield code="a">Literatura argentina-teatro</subfield>
  </datafield>
  <datafield tag="653" ind1=" " ind2=" ">
   <subfield code="a">Dramaturgia argentina</subfield>
  </datafield>
  <datafield tag="700" ind1="1" ind2=" ">
   <subfield code="a">Ordaz, Luis</subfield>
  </datafield>
  <datafield tag="700" ind1="1" ind2=" ">
   <subfield code="a">Laferrère, Gregorio de</subfield>
  </datafield>
  <datafield tag="700" ind1="1" ind2=" ">
   <subfield code="a">Sánchez, Florencio</subfield>
  </datafield>
  <datafield tag="859" ind1=" " ind2=" ">
   <subfield code="a">AR-BHAM</subfield>
   <subfield code="b">BIB. HUMANIDADES - General</subfield>
   <subfield code="h">A862.09</subfield>
   <subfield code="i">B758</subfield>
   <subfield code="k">A</subfield>
   <subfield code="p">9.18</subfield>
   <subfield code="t">Ej.1</subfield>
   <subfield code="v">IV</subfield>
  </datafield>
 </record>
</collection>
